| 000 | 00839nab a2200253 u 4500 | ||
|---|---|---|---|
| 001 | 11010 | ||
| 003 | HDC | ||
| 007 | cr bn ---aaaaa | ||
| 008 | 210206c mydr|nes 0 a may d | ||
| 040 | _aHDC | ||
| 100 |
_aAaron, Wong, _eauthor _911229 |
||
| 245 | 0 |
_aKeropok Lekor producer set to expand _cby Aaron Wong |
|
| 260 |
_a[no place] : _b[publisher not identified], _c[no year] |
||
| 336 |
_atext _2rdacontent |
||
| 337 |
_acomputer _2rdamedia |
||
| 338 |
_aonline resource _2rdacarrier |
||
| 650 |
_aFood industry _9536 |
||
| 650 |
_aLocal street food _911230 |
||
| 710 | _aThe Brunei Times | ||
| 856 | _zRequest full-text at [email protected] | ||
| 942 | _2lcc | ||
| 942 | _cNEWS | ||
| 942 | _kNWSO 000291 | ||
| 999 |
_c8333 _d8333 |
||